003130000a2200085000450024500690000050000450006904100140011410000240012877300750015210aNotas para una monografía del género Trichillum Harold, 1868 a0 aEspañol1 aMartínez, Antonio1 tRevista de la Sociedad Mexicana de Historia Naturalq119-147d1967g28